00853nam a2200205Ia 4500001000700000008004100007082002100048245010400069260002900173300001100202440006000213500007700273503007200350504002700422650003000449650003600479650003100515650002200546700007900568Z_3149220601s9999 xx 000 0 und d a636.21308243 C78 aCruzamiento en ganado vacuno de carne / compiladores Marvin Koger, Tony J. Cunha y Alvin C. Warnick aUruguay : Hemisferio Sur a559 p. aColección de textos de agronomía y veterinaria ; 20 aTraducción de la obra en inglés: Crossbreeding beef cattle. Series 2 aej.1: donación (septiembre 1980) \ ej.2: donación (agosto 1982) aIncluye bibliografía a1. Cruzamiento de ganado  aGanado de carne - Mejoramiento  aGanado de carne -- Cría  aGenética animal aKoger, Marvin, comp. \ Cunha, Tony J., comp. \ Warnick, Alvin C., comp.Ì